Φιλοσοφία και παιδεία

Αποθηκεύτηκε σε:
Λεπτομέρειες βιβλιογραφικής εγγραφής
Κύριος συγγραφέας: Παπανούτσος, Ευάγγελος Π., 1900-1982
Μορφή: Βιβλίο
Γλώσσα:Greek
Δημοσίευση: Αθήνα : Ίκαρος, 1977
Έκδοση:2η έκδ.
Θέματα:
Ετικέτες: Προσθήκη ετικέτας
Δεν υπάρχουν, Καταχωρήστε ετικέτα πρώτοι!

MARC

LEADER 00000cam a2200000 i 4500
001 1/37505
008 030625s1977####gr ||| | gre||
035 |l 10070267 
040 |a GR-MY-UA  |b gre  |e aacr 
041 0 |a gre 
082 0 |a 370.109495  
100 1 |a Παπανούτσος, Ευάγγελος Π.,   |d 1900-1982. 
245 1 0 |a Φιλοσοφία και παιδεία /   |c Ε.Π. Παπανούτσος.  
250 |a 2η έκδ. 
260 |a Αθήνα :   |b Ίκαρος,   |c 1977 
300 |a 357 σ. 
505 0 |a Το πρόβλημα της ελευθερίας. - Το παιδαγωγικό ήθος. - Η έννοια της ιστορίας. - Καλλιτεχνικά θέματα. - Εξήγηση της τραγωδίας. - Μορφές της διαλεκτικής. - Η φιλοσοφία του Immanuel Kant.  
650 0 0 |a Education  |z Greece  |x Philosophy. 
650 0 0 |a Education  |x Philosophy. 
852 |a INST  |b LESVOS  |e 20180626  |h 370.1 ΠΑΠ  |p 005100060530  |q 005100060530  |t BK  |y 0 
852 |a INST  |b RHODES  |e 20030625  |h 370.109495 ΠΑΠ  |p 005400020411  |q 005400020411  |t BK  |y 0 
901 |a BIBL4-2003-2 
909 |a Ρ  |b 101892 
970 |a ΚΟΥΛΑΚΙΟΤΗ  |b ΛΙΤΣΑ  |z 2003/06/25